000 00426nam a2200181Ia 4500
001 14148
005 20260306164853.0
008 260306t2012||||xx |||||||||||||| ||spa||
041 _aESP
082 _a510
_bA21 2012
100 _aAcosta Araníbar, Renzo
_eAUT
245 0 _aCuaderno de trabajo de matemática básica
260 _c2012
300 _a
_c
650 _aGEN
654 _aCMA
942 _cLIB
_dJUS
_fJUS
_2ddc
_n
999 _c14148
_d14148